000 00734nam a2200229Ia 4500
001 15449
003 GE_BSU
008 181216s||||||||xx |||||||||||||| ||und||
040 _cGE_BSU
080 _a821.353.1-31
100 _aჩეჩელაშვილი,ოთარ
245 _aფოლადის ფრთებზე
245 _bრომანი
245 _cრედ.ნ.შველიძე. მხატვ.ო.ვარვარიძე
260 _aთბილისი
260 _bნაკადული
260 _c1960
300 _a265გვ.ილ.1ფ.პორტრ.23სმ.
653 _aრომანი
653 _aფოლადის ფრთებზე
942 _cBK
999 _c48552
_d48552